Una clasificación de los bancos privados argentinos (Registro nro. 24944)
[ vista simple ]
| 000 -LEADER | |
|---|---|
| fixed length control field | 00400 a2200133 4500 |
| 001 - CONTROL NUMBER | |
| control field | ART_47180 |
| 005 - DATE AND TIME OF LATEST TRANSACTION | |
| control field | 20260410161850.0 |
| 008 - FIXED-LENGTH DATA ELEMENTS--GENERAL INFORMATION | |
| fixed length control field | 260409a |
| 100 1# - MAIN ENTRY--PERSONAL NAME | |
| Personal name | Botargues, Patricia |
| 245 10 - TITLE STATEMENT | |
| Title | Una clasificación de los bancos privados argentinos |
| 700 1# - ADDED ENTRY--PERSONAL NAME | |
| Personal name | Burdisso, Tamara |
| 700 1# - ADDED ENTRY--PERSONAL NAME | |
| Personal name | D'Amato, Laura |
| 773 0# - HOST ITEM ENTRY | |
| Title | Económica |
| Related parts | - Año XLI, Nº 2 (oct./dic. 1995) |
| Record control number | REV7541 |
No hay ítems disponibles.